|
|
|
|
| LEADER |
00631nam a22001931a 4500 |
| 020 |
|
|
|a 9781446260135
|c 0.00
|
| 040 |
|
|
|a SSUS - Library - Kalady
|
| 082 |
|
|
|a 361.32
|b JON/P
|
| 100 |
|
|
|a Jonathan Parker (ed.)
|
| 245 |
|
|
|a Professional social work
|h [Text]
|
| 260 |
|
|
|a London
|b Sage
|c 2013
|
| 300 |
|
|
|a 219p.
|
| 600 |
|
|
|a Social Work
|
| 600 |
|
|
|a Social Sciences
|
| 700 |
|
|
|a Mark Doel (ed.)
|
| 852 |
|
|
|h 361.32
|i JON/P
|p 073849
|9 2379.32
|t 0
|
| 942 |
|
|
|c BK
|
| 999 |
|
|
|c 36198
|d 36198
|
| 952 |
|
|
|0 0
|1 0
|4 0
|6 361_320000000000000_JON_P
|7 0
|9 52394
|a SSUS
|b SSUS
|d 2015-01-08
|g 2379.32
|l 2
|o 361.32 JON/P
|p 073849
|r 2016-12-02
|s 2016-11-18
|v 0.00
|w 2015-01-08
|y BK
|